[Event "rematch zeta"]
[Site "http://www.queenalice.com/game.php?id=734751"]
[Date "2010.2.20"]
[Round "-"]
[White "redchark"]
[Black "Burianski"]
[Result "0-1"]
[WhiteElo "1255"]
[BlackElo "1516"]

1. Nf3 Nc6 2. e4 e5 3. Bc4 Nf6 4. Ng5 d5 5. exd5 Nxd5 6. Qf3 Qxg5 7. Qxd5 Be6 8.
Qe4 Bxc4 9. Qxc4 Qxg2 10. Rf1 O-O-O 11. d3 Nd4 12. Nd2 b5 13. Qxf7 Nxc2+ 14. Ke2
Nxa1 15. Nf3 Bd6 16. Rg1 Qh3 17. Qxg7 Rhf8 18. Rg3 Qf5 19. Nh4 Qxf2+ 20. Kd1
Qf1+ 21. Kd2 Rf2+ 22. Ke3 Qe2# 0-1

[Event "whomping eta"]
[Site "http://www.queenalice.com/game.php?id=736794"]
[Date "2010.2.24"]
[Round "-"]
[White "redchark"]
[Black "Burianski"]
[Result "0-1"]
[WhiteElo "1254"]
[BlackElo "1522"]

1. d4 e6 2. c4 d5 3. cxd5 exd5 4. Qd2 Nc6 5. Qe3+ Qe7 6. Nc3 Qxe3 7. Bxe3 Be6 8.
Bf4 O-O-O 9. e3 Nb4 10. Rc1 Nf6 11. Nb5 Nxa2 12. Rxc7+ Kb8 13. Rc5+ Ka8 14. Rc2
Bb4+ 15. Ke2 Rc8 16. Rxc8+ Rxc8 17. Kf3 Bg4+ 18. Kg3 Rc1 19. Bd3 h5 20. h3 Rd1
21. f3 Bd7 22. e4 Rxd3 23. Ne2 Bxb5 24. Rc1 Nxc1 25. Nxc1 Rxd4 26. Kh4 dxe4 27.
fxe4 Rxe4 28. Kg5 a5 29. b3 a4 30. Kf5 Bd7+ 0-1

[Event "see you theta, allagata"]
[Site "http://www.queenalice.com/game.php?id=740140"]
[Date "2010.3.3"]
[Round "-"]
[White "redchark"]
[Black "Burianski"]
[Result "0-1"]
[WhiteElo "1160"]
[BlackElo "1538"]

1. e4 e5 2. Nf3 Nc6 3. Nc3 Nf6 4. Bc4 d6 5. d3 Be6 6. O-O d5 7. Bb3 d4 8. Ne2
Bxb3 9. cxb3 Bd6 10. Bd2 Qe7 11. Rc1 Bb4 12. a3 Bxd2 13. Qxd2 O-O 14. b4 Qd6 15.
b5 Ne7 16. Rc2 a5 17. a4 c6 18. Rfc1 cxb5 19. Rc7 Rab8 20. Qxa5 bxa4 21. Qxa4 b5
22. Qa7 Ra8 23. Qc5 Qxc5 24. R1xc5 Ra1+ 25. Nc1 Re8 26. Rxe5 b4 27. Nxd4 Ned5
28. Rxe8+ Nxe8 29. Rc8 Nc7 30. g3 Rxc1+ 31. Kg2 Rd1 32. Nf5 Rxd3 33. Ne3 b3 34.
Nf5 Rd2 35. e5 Rxb2 36. Nd6 Kf8 37. Nc4 Ra2 38. Rb8 Ra4 39. Nb2 Re4 40. Rxb3
Rxe5 41. Nc4 Re6 42. Nb6 Nf6 43. Nc4 Re2 44. Kf3 Re4 45. Re3 Rxc4 0-1

[Event "i don't care one iota"]
[Site "http://www.queenalice.com/game.php?id=744522"]
[Date "2010.3.11"]
[Round "-"]
[White "redchark"]
[Black "Burianski"]
[Result "0-1"]
[WhiteElo "1203"]
[BlackElo "1540"]

1. d4 d5 2. Nc3 Nc6 3. e4 Nf6 4. exd5 Nxd5 5. Nf3 e6 6. Bd3 Qd6 7. Qe2 Nxc3 8.
bxc3 f6 9. c4 Nxd4 10. Nxd4 Qxd4 11. Be3 Qxa1+ 12. Qd1 Qc3+ 13. Qd2 Qxd2+ 14.
Bxd2 e5 15. O-O g6 16. Re1 Bf5 17. Re3 Bh6 18. Re2 Bxd2 19. Rxd2 O-O-O 20. f3 e4
21. g4 exd3 22. gxf5 dxc2 23. Rxc2 Rd1+ 24. Kf2 gxf5 25. Ke2 Rh1 26. Ke3 Re8+
27. Kd3 Rd1+ 28. Kc3 Re3+ 29. Kb4 Rb1+ 30. Kc5 Rd3 31. Re2 Kd7 32. Rg2 b6# 0-1

[Event "kappa"]
[Site "http://www.queenalice.com/game.php?id=747836"]
[Date "2010.3.18"]
[Round "-"]
[White "Burianski"]
[Black "redchark"]
[Result "1-0"]
[WhiteElo "1543"]
[BlackElo "1187"]

1. e4 e5 2. d4 Nc6 3. Nf3 d6 4. dxe5 dxe5 5. Qxd8+ Kxd8 6. Ng5 Be6 7. Nxe6+ fxe6
8. Bg5+ Nf6 9. Bd3 Bc5 10. c3 h6 11. Be3 Bd6 12. Nd2 Rf8 13. Nb3 Ng4 14. Bc5 b6
15. Bxd6 cxd6 16. f3 Ne3 17. Kf2 Ng4+ 18. Ke2 Rf6 19. fxg4 Kc7 20. Rhf1 Raf8 21.
Rxf6 Rxf6 22. Rf1 Ne7 23. Rxf6 gxf6 24. h4 Ng6 25. g5 hxg5 26. hxg5 fxg5 27. Kf3
Nf4 28. Bb5 g4+ 29. Kg3 Nd3 30. Bxd3 1-0

[Event "Let's Play Chess!"]
[Site "http://www.queenalice.com/game.php?id=748527"]
[Date "2010.3.20"]
[Round "-"]
[White "redchark"]
[Black "magalhaes_br"]
[Result "1-0"]
[WhiteElo "1205"]
[BlackElo "1305"]

1. e4 e5 2. Nf3 Nc6 3. d3 Nf6 4. Nc3 Bc5 5. Be3 b6 6. d4 Bb4 7. Bc4 O-O 8. a3
Ba5 9. b4 Nxb4 10. Nxe5 Bb7 11. O-O d6 12. Nd3 Na6 13. Bg5 h6 14. Bxf6 Qxf6 15.
e5 dxe5 16. Nd5 Qc6 17. Ne7+ Kh8 18. Nxc6 Bxc6 19. Nxe5 Ba4 20. Nxf7+ Kg8 21.
Nd8+ Kh8 22. Nb7 Bc3 23. Bxa6 Rf6 24. Qd3 Bb2 25. Rae1 Bc6 26. Re7 Rg8 27. Rfe1
Rg6 28. Qxg6 Be8 29. Nd8 Bxg6 30. Ne6 Bxa3 31. Nf4 Bf5 32. Bd3 Bc8 33. Re8 Bd7
34. Rxg8+ Kxg8 35. Bc4+ Kh7 36. Re3 Bb2 37. Re7 Bc8 38. Re8 Bd7 39. Bd3+ g6 40.
Re7+ Kg8 41. Rxd7 a5 42. Nxg6 Bxd4 43. Bc4# 1-0

[Event "screw mu"]
[Site "http://www.queenalice.com/game.php?id=753784"]
[Date "2010.3.30"]
[Round "-"]
[White "redchark"]
[Black "Burianski"]
[Result "0-1"]
[WhiteElo "1197"]
[BlackElo "1547"]

1. e4 e5 2. Nf3 Nf6 3. d3 Nc6 4. Bg5 d5 5. exd5 Qxd5 6. Nc3 Qe6 7. Qe2 Nd4 8.
Qd2 Nxf3+ 9. gxf3 h6 10. Bxf6 Qxf6 11. Qe3 Qg5 12. Ne4 Qxe3+ 13. fxe3 f5 14. Ng3
f4 15. exf4 exf4 16. Ne2 Bb4+ 17. c3 Ba5 18. b4 Bb6 19. Nxf4 Be3 20. Nd5 Bg5 21.
Nxc7+ Kd8 22. Nxa8 Re8+ 23. Be2 Bh4+ 24. Kf1 Bh3+ 25. Kg1 Rxe2 26. Rf1 Bf2+ 27.
Rxf2 Re1+ 28. Rf1 Rxf1# 0-1

[Event "nu horizons"]
[Site "http://www.queenalice.com/game.php?id=755026"]
[Date "2010.4.1"]
[Round "-"]
[White "redchark"]
[Black "Burianski"]
[Result "0-1"]
[WhiteElo "1206"]
[BlackElo "1549"]

1. d4 d5 2. Nc3 Nc6 3. Nf3 f6 4. Bf4 g5 5. Bg3 Nh6 6. h3 Nf5 7. e3 Nxg3 8. fxg3
e5 9. Qe2 e4 10. Nd2 Nb4 11. O-O-O Qd6 12. a3 Nc6 13. Qh5+ Ke7 14. Bb5 Qxg3 15.
h4 Bg4 16. Nf1 Qxg2 17. Rh2 Qg1 18. Ne2 Bxh5 19. Nxg1 Bxd1 20. Kxd1 a6 21. Bxc6
bxc6 22. hxg5 fxg5 23. Rg2 Kf6 24. Nh3 h6 25. Rf2+ Kg6 26. Ng3 c5 27. Nf5 c4 28.
c3 c5 29. a4 cxd4 30. Nxd4 Bc5 31. Kd2 Rhf8 32. Re2 Bxd4 33. cxd4 Rab8 34. Kc1
g4 35. Ng1 Rf1+ 36. Kc2 Rxg1 37. a5 h5 38. Kc3 Rc1+ 39. Rc2 Rxc2+ 40. Kxc2 g3
41. b3 cxb3+ 42. Kd2 b2 43. Ke1 b1=Q+ 44. Ke2 Rb2# 0-1

[Event "ksi of relief "]
[Site "http://www.queenalice.com/game.php?id=757862"]
[Date "2010.4.8"]
[Round "-"]
[White "redchark"]
[Black "Burianski"]
[Result "0-1"]
[WhiteElo "1204"]
[BlackElo "1551"]

1. d4 d5 2. Nc3 Nf6 3. f3 Nc6 4. e4 e5 5. dxe5 Nxe5 6. Bf4 Bd6 7. Nxd5 Nxd5 8.
exd5 Qh4+ 9. Bg3 Qb4+ 10. c3 Qxb2 11. Bxe5 Bxe5 12. Qa4+ Bd7 13. Qd1 Qxc3+ 14.
Qd2 Qxa1+ 15. Qd1 Qxd1+ 16. Kxd1 c6 17. dxc6 Bxc6 18. Bd3 Rd8 19. Ke2 a6 20. Nh3
Bb5 21. Rd1 Bxd3+ 22. Rxd3 Rxd3 23. Kxd3 O-O 24. Ke4 Bxh2 25. Nf2 Re8+ 26. Kd3
Rd8+ 27. Ke4 Rd2 28. Ke3 Rxa2 29. g4 Bg1 30. Ke4 Bxf2 0-1

[Event "redchark"]
[Site "http://www.queenalice.com/game.php?id=758418"]
[Date "2010.4.9"]
[Round "-"]
[White "foda"]
[Black "redchark"]
[Result "1-0"]
[WhiteElo "1476"]
[BlackElo "1210"]

1. e4 Nf6 2. e5 Ne4 3. Qe2 Nc5 4. d4 Nca6 5. Qf3 e6 6. Nh3 Nc6 7. Bg5 f6 8. Qh5+
g6 9. Qg4 fxg5 10. Nxg5 Qe7 11. Bb5 Qb4+ 12. Nc3 Nxd4 13. a3 Qxb2 14. O-O Qxc3
15. a4 c6 16. Rad1 Bc5 17. Bxa6 bxa6 18. Qf4 Ne2+ 19. Kh1 Nxf4 20. Ne4 Qxc2 21.
Rd2 Qc4 22. Re1 Bb4 23. Nd6+ Ke7 24. Nxc4 a5 25. Re4 Bxd2 26. Nxd2 Rb8 27. Rxf4
Ba6 28. Nb3 Rxb3 29. g3 c5 30. Re4 Bb7 31. f3 1-0